Music Quiz

Random Music or Singers Quiz

4-Letter Singers by Picture Quiz Stats

 Plays Quiz Updated Jun 9, 2018

Score 0/16 Timer 05:00
9 Plays Today
Artist % Correct
P!nk
97.2%
Cher
90.9%
Bono
86.8%
Jay-Z
82.7%
Seal
82.4%
2Pac
69.5%
Ice T
66.8%
Moby
60.6%
Artist % Correct
Beck
48.8%
Zayn
45%
Enya
39.2%
Sade
36.1%
Dido
31.6%
Ne-Yo
29.5%
Akon
28.2%
JoJo
20.5%

You're not logged in!

Compare scores with friends on all Sporcle quizzes.
OR
Log In

Sporcle TV

Today on Sporcle TV


Watch our educational content, quiz creation guides, and fun videos on Sporcle TV.

Show Comments

Extras

Top Quizzes Today


Score Distribution

Your Account Isn't Verified!

In order to create a playlist on Sporcle, you need to verify the email address you used during registration. Go to your Sporcle Settings to finish the process.

Report this User

Report this user for behavior that violates our Community Guidelines.

Details: